[Event "World Chess Olympiad 2018"]
[Site "Batumi"]
[Date "2018.09.25"]
[Round "2"]
[Board "2"]
[WhiteFideId "19700024"]
[White "Khan Taffin"]
[BlackFideId "8200165"]
[Black "Giasi Viresh"]
[Result "1-0"]
[LiveChessVersion "1.4.8"]
[BlackElo "2024"]
[WhiteElo "1900"]

1. e4 {[%clk 1:30:54]} c5 {[%clk 1:30:59]} 2. Nf3 {[%clk 1:31:14]} d6
{[%clk 1:30:46]} 3. Bb5+ {[%clk 1:31:35]} Bd7 {[%clk 1:31:09]} 4. Bxd7+
{[%clk 1:31:52]} Nxd7 {[%clk 1:31:36]} 5. O-O {[%clk 1:32:15]} e5
{[%clk 1:31:46]} 6. c4 {[%clk 1:31:24]} Ngf6 {[%clk 1:32:09]} 7. Nc3
{[%clk 1:31:47]} Be7 {[%clk 1:31:42]} 8. d3 {[%clk 1:32:04]} O-O {[%clk 1:32:01]}
9. Nd2 {[%clk 1:32:28]} Nb8 {[%clk 1:31:11]} 10. Re1 {[%clk 1:30:09]} Nc6
{[%clk 1:31:11]} 11. Nf1 {[%clk 1:30:32]} Ne8 {[%clk 1:29:58]} 12. Nd5
{[%clk 1:26:37]} Nc7 {[%clk 1:28:57]} 13. Nxc7 {[%clk 1:17:42]} Qxc7
{[%clk 1:29:23]} 14. Ng3 {[%clk 1:17:59]} Nd4 {[%clk 1:26:29]} 15. Be3
{[%clk 1:13:43]} a6 {[%clk 1:24:27]} 16. Bxd4 {[%clk 1:11:57]} cxd4
{[%clk 1:24:49]} 17. Qg4 {[%clk 1:11:43]} Rfb8 {[%clk 1:24:04]} 18. Nh5
{[%clk 1:10:04]} g6 {[%clk 1:22:08]} 19. f4 {[%clk 1:09:08]} Qc8 {[%clk 1:19:14]}
20. f5 {[%clk 1:09:17]} Kh8 {[%clk 1:14:46]} 21. Ng3 {[%clk 1:09:06]} b5
{[%clk 1:08:26]} 22. Rac1 {[%clk 1:06:27]} Qd7 {[%clk 1:07:52]} 23. b3
{[%clk 1:06:19]} h5 {[%clk 1:06:36]} 24. Qf3 {[%clk 1:04:51]} Bg5
{[%clk 1:02:53]} 25. Rcd1 {[%clk 1:01:26]} Bf4 {[%clk 0:58:33]} 26. Ne2
{[%clk 1:00:03]} Be3+ {[%clk 0:57:44]} 27. Kh1 {[%clk 1:00:24]} bxc4
{[%clk 0:58:07]} 28. dxc4 {[%clk 1:00:29]} a5 {[%clk 0:51:49]} 29. Nc3
{[%clk 0:59:32]} Bg5 {[%clk 0:41:49]} 30. Nd5 {[%clk 0:55:54]} a4
{[%clk 0:39:42]} 31. Rg1 {[%clk 0:53:39]} axb3 {[%clk 0:38:45]} 32. axb3
{[%clk 0:54:01]} Ra3 {[%clk 0:38:08]} 33. Rd3 {[%clk 0:54:20]} Kg7
{[%clk 0:31:37]} 34. f6+ {[%clk 0:42:45]} Kh7 {[%clk 0:31:21]} 35. b4
{[%clk 0:43:06]} Ra2 {[%clk 0:28:00]} 36. Ra3 {[%clk 0:35:11]} Rxa3
{[%clk 0:19:19]} 37. Qxa3 {[%clk 0:35:29]} Qc6 {[%clk 0:19:45]} 38. Qa7
{[%clk 0:33:40]} Qb7 {[%clk 0:16:05]} 39. Qxb7 {[%clk 0:28:37]} Rxb7
{[%clk 0:16:33]} 40. Ra1 {[%clk 0:56:52]} d3 {[%clk 0:46:25]} 41. b5
{[%clk 0:56:58]} d2 {[%clk 0:44:43]} 42. b6 {[%clk 0:39:18]} Rb8 {[%clk 0:45:11]}
43. Kg1 {[%clk 0:34:51]} Rc8 {[%clk 0:44:40]} 44. Kf2 {[%clk 0:35:11]} Rxc4
{[%clk 0:40:12]} 45. Rd1 {[%clk 0:35:19]} Rc2 {[%clk 0:38:03]} 46. Ke2
{[%clk 0:35:36]} Rb2 {[%clk 0:37:56]} 47. Kd3 {[%clk 0:35:22]} Rb5
{[%clk 0:36:39]} 48. Rxd2 {[%clk 0:28:21]} Bxd2 {[%clk 0:37:07]} 49. Kxd2
{[%clk 0:28:44]} Rc5 {[%clk 0:37:35]} 50. Kd3 {[%clk 0:25:12]} Kg8
{[%clk 0:35:04]} 51. Nc7 {[%clk 0:23:30]} Rc1 {[%clk 0:34:53]} 52. h4
{[%clk 0:20:32]} Kf8 {[%clk 0:35:01]} 53. g3 {[%clk 0:20:45]} Rb1
{[%clk 0:35:01]} 54. Nd5 {[%clk 0:15:34]} Ke8 {[%clk 0:34:59]} 55. Kc2
{[%clk 0:15:50]} Rg1 {[%clk 0:32:33]} 56. b7 {[%clk 0:15:57]} Rg2+
{[%clk 0:33:01]} 57. Kb3 {[%clk 0:15:57]} 1-0

[Event "World Chess Olympiad 2018"]
[Site "Batumi"]
[Date "2018.09.25"]
[Round "2"]
[Board "1"]
[WhiteFideId "7105029"]
[White "Priasmoro Novendra"]
[BlackFideId "1118358"]
[Black "Wojtaszek Radoslaw"]
[Result "0-1"]
[LiveChessVersion "1.4.8"]
[BlackElo "2727"]
[WhiteElo "2498"]

1. e4 {[%clk 1:30:56]} e5 {[%clk 1:30:57]} 2. Nf3 {[%clk 1:31:14]} Nc6
{[%clk 1:31:24]} 3. Bb5 {[%clk 1:31:24]} a6 {[%clk 1:31:46]} 4. Bxc6
{[%clk 1:30:49]} dxc6 {[%clk 1:32:11]} 5. O-O {[%clk 1:31:12]} Bg4
{[%clk 1:32:37]} 6. h3 {[%clk 1:31:19]} h5 {[%clk 1:32:55]} 7. d3
{[%clk 1:30:39]} Qf6 {[%clk 1:33:18]} 8. Be3 {[%clk 1:30:40]} Bxf3
{[%clk 1:33:40]} 9. Qxf3 {[%clk 1:31:01]} Qxf3 {[%clk 1:34:06]} 10. gxf3
{[%clk 1:31:23]} Bd6 {[%clk 1:34:31]} 11. Rd1 {[%clk 1:28:13]} Ne7
{[%clk 1:34:29]} 12. Kf1 {[%clk 1:26:06]} f5 {[%clk 1:34:47]} 13. Ke2
{[%clk 1:23:07]} f4 {[%clk 1:34:24]} 14. Bd2 {[%clk 1:15:39]} c5 {[%clk 1:31:03]}
15. a4 {[%clk 1:14:12]} Nc6 {[%clk 1:30:51]} 16. Bc3 {[%clk 1:14:26]} Kf7
{[%clk 1:27:56]} 17. Na3 {[%clk 1:13:00]} Be7 {[%clk 1:25:14]} 18. Nc4
{[%clk 1:10:03]} Ke6 {[%clk 1:25:33]} 19. a5 {[%clk 1:08:53]} Rhb8
{[%clk 1:22:22]} 20. Rg1 {[%clk 0:57:56]} Bf6 {[%clk 1:13:01]} 21. Rg6
{[%clk 0:28:50]} Kf7 {[%clk 0:54:31]} 22. Rag1 {[%clk 0:28:34]} Re8
{[%clk 0:54:46]} 23. R6g5 {[%clk 0:23:42]} Re6 {[%clk 0:54:03]} 24. Rxh5
{[%clk 0:21:42]} Rb8 {[%clk 0:54:14]} 25. h4 {[%clk 0:10:58]} b5 {[%clk 0:43:47]}
26. axb6 {[%clk 0:11:26]} cxb6 {[%clk 0:44:13]} 27. Rgg5 {[%clk 0:08:44]} g6
{[%clk 0:41:58]} 28. Rh7+ {[%clk 0:05:24]} Kg8 {[%clk 0:42:21]} 29. Rc7
{[%clk 0:01:10]} Bxg5 {[%clk 0:42:45]} 30. hxg5 {[%clk 0:01:36]} Nd4+
{[%clk 0:43:03]} 31. Bxd4 {[%clk 0:01:19]} cxd4 {[%clk 0:43:29]} 32. Kd2
{[%clk 0:00:46]} a5 {[%clk 0:36:47]} 33. Rd7 {[%clk 0:00:35]} Rc8
{[%clk 0:37:10]} 34. Nd6 {[%clk 0:00:34]} Rc6 {[%clk 0:33:48]} 35. Nc4
{[%clk 0:00:33]} Rc5 {[%clk 0:30:30]} 36. Nd6 {[%clk 0:01:02]} a4
{[%clk 0:29:43]} 37. Kc1 {[%clk 0:01:04]} Rc6 {[%clk 0:26:18]} 38. Nb5
{[%clk 0:00:35]} Kf8 {[%clk 0:22:11]} 39. Kb1 {[%clk 0:00:33]} Re7
{[%clk 0:19:33]} 40. Rd8+ {[%clk 0:30:34]} Kf7 {[%clk 0:49:48]} 41. c4
{[%clk 0:27:53]} Ke6 {[%clk 0:34:16]} 42. Ka2 {[%clk 0:23:59]} Rh7
{[%clk 0:34:20]} 43. Re8+ {[%clk 0:23:44]} Kd7 {[%clk 0:32:58]} 44. Rxe5
{[%clk 0:20:52]} Rc5 {[%clk 0:33:24]} 45. Rd5+ {[%clk 0:20:49]} Rxd5
{[%clk 0:33:49]} 46. cxd5 {[%clk 0:17:20]} Rh2 {[%clk 0:32:33]} 47. Nxd4
{[%clk 0:12:18]} Rxf2 {[%clk 0:32:57]} 48. e5 {[%clk 0:06:20]} Rd2
{[%clk 0:33:15]} 49. e6+ {[%clk 0:06:13]} Kd6 {[%clk 0:31:08]} 50. Nb5+
{[%clk 0:05:58]} Ke7 {[%clk 0:31:29]} 51. d4 {[%clk 0:06:13]} Rd3
{[%clk 0:29:34]} 52. Na7 {[%clk 0:04:41]} Kd6 {[%clk 0:26:36]} 53. Nb5+
{[%clk 0:03:14]} Ke7 {[%clk 0:27:02]} 54. Na7 {[%clk 0:03:41]} Rxf3
{[%clk 0:26:47]} 55. Nc8+ {[%clk 0:03:58]} Kd8 {[%clk 0:26:24]} 56. e7+
{[%clk 0:02:14]} Kd7 {[%clk 0:25:48]} 57. d6 {[%clk 0:01:37]} Re3
{[%clk 0:26:04]} 58. Nxb6+ {[%clk 0:01:48]} Kxd6 {[%clk 0:26:08]} 59. Nc4+
{[%clk 0:02:08]} Kxe7 {[%clk 0:26:34]} 60. Nxe3 {[%clk 0:02:33]} fxe3
{[%clk 0:27:00]} 0-1

[Event "World Chess Olympiad 2018"]
[Site "Batumi"]
[Date "2018.09.25"]
[Round "2"]
[Board "3"]
[WhiteFideId "2802007"]
[White "Sutovsky Emil"]
[BlackFideId "6504779"]
[Black "Jimenez Garcia Emmanuel"]
[Result "1/2-1/2"]
[LiveChessVersion "1.4.8"]
[BlackElo "2290"]
[WhiteElo "2633"]

1. e4 {[%clk 1:30:57]} d6 {[%clk 1:30:46]} 2. d4 {[%clk 1:31:24]} Nf6
{[%clk 1:31:11]} 3. Nc3 {[%clk 1:31:52]} e5 {[%clk 1:31:36]} 4. Nf3
{[%clk 1:32:08]} exd4 {[%clk 1:31:58]} 5. Nxd4 {[%clk 1:32:09]} Be7
{[%clk 1:32:21]} 6. Bf4 {[%clk 1:31:33]} O-O {[%clk 1:31:44]} 7. Qd2
{[%clk 1:27:20]} Nc6 {[%clk 1:30:54]} 8. O-O-O {[%clk 1:26:48]} Nxd4
{[%clk 1:24:22]} 9. Qxd4 {[%clk 1:24:14]} Be6 {[%clk 1:24:04]} 10. Bc4
{[%clk 1:20:11]} Nd7 {[%clk 1:21:15]} 11. Nd5 {[%clk 1:18:34]} Nb6
{[%clk 1:09:04]} 12. Nxe7+ {[%clk 1:17:28]} Qxe7 {[%clk 1:09:26]} 13. Bd3
{[%clk 1:10:49]} Rfd8 {[%clk 1:00:14]} 14. e5 {[%clk 1:05:39]} dxe5
{[%clk 0:39:42]} 15. Qxe5 {[%clk 1:05:54]} Nd5 {[%clk 0:34:58]} 16. Bd2
{[%clk 0:58:20]} Bg4 {[%clk 0:26:47]} 17. Qxe7 {[%clk 0:53:46]} Nxe7
{[%clk 0:27:12]} 18. Rde1 {[%clk 0:54:11]} Nd5 {[%clk 0:20:15]} 19. f4
{[%clk 0:52:16]} Re8 {[%clk 0:14:34]} 20. f5 {[%clk 0:49:58]} g6 {[%clk 0:13:51]}
21. Rhf1 {[%clk 0:39:04]} Rxe1+ {[%clk 0:12:17]} 22. Rxe1 {[%clk 0:39:21]} Bxf5
{[%clk 0:09:57]} 23. Bxf5 {[%clk 0:39:44]} gxf5 {[%clk 0:10:23]} 24. Re5
{[%clk 0:35:02]} Rd8 {[%clk 0:07:04]} 25. c4 {[%clk 0:34:35]} Nf6
{[%clk 0:05:36]} 26. Rxf5 {[%clk 0:27:27]} Ne4 {[%clk 0:05:59]} 27. Bf4
{[%clk 0:18:05]} Rd7 {[%clk 0:04:37]} 28. Re5 {[%clk 0:18:00]} Nf2
{[%clk 0:03:48]} 29. Re8+ {[%clk 0:16:28]} Kg7 {[%clk 0:04:14]} 30. Kc2
{[%clk 0:16:44]} Ng4 {[%clk 0:02:35]} 31. b3 {[%clk 0:10:51]} f5 {[%clk 0:02:04]}
32. Ra8 {[%clk 0:05:46]} a6 {[%clk 0:02:11]} 33. Rb8 {[%clk 0:06:10]} c6
{[%clk 0:02:33]} 34. Kc3 {[%clk 0:06:28]} Nf2 {[%clk 0:02:21]} 35. c5
{[%clk 0:06:08]} Ne4+ {[%clk 0:01:07]} 36. Kb4 {[%clk 0:03:50]} Kf6
{[%clk 0:01:18]} 37. Be3 {[%clk 0:02:38]} Rd3 {[%clk 0:01:06]} 38. Bc1
{[%clk 0:03:07]} Rd5 {[%clk 0:00:41]} 39. Rxb7 {[%clk 0:02:07]} Rxc5
{[%clk 0:00:39]} 40. Bf4 {[%clk 0:30:34]} a5+ {[%clk 0:30:46]} 41. Ka4
{[%clk 0:26:26]} Nc3+ {[%clk 0:24:08]} 42. Ka3 {[%clk 0:26:54]} Nd5
{[%clk 0:23:51]} 43. Bd2 {[%clk 0:21:14]} Rc2 {[%clk 0:19:02]} 1/2-1/2

[Event "World Chess Olympiad 2018"]
[Site "Batumi"]
[Date "2018.09.25"]
[Round "2"]
[Board "4"]
[WhiteFideId "6500072"]
[White "Chinchilla Miranda Eugenio"]
[BlackFideId "2801990"]
[Black "Smirin Ilia"]
[Result "0-1"]
[LiveChessVersion "1.4.8"]
[BlackElo "2594"]
[WhiteElo "2206"]

1. d4 {[%clk 1:30:56]} d6 {[%clk 1:30:36]} 2. e4 {[%clk 1:30:54]} Nf6
{[%clk 1:30:59]} 3. Nc3 {[%clk 1:31:18]} g6 {[%clk 1:31:04]} 4. Be3
{[%clk 1:31:26]} c6 {[%clk 1:30:02]} 5. h3 {[%clk 1:30:43]} Nbd7 {[%clk 1:27:41]}
6. Nf3 {[%clk 1:29:34]} e5 {[%clk 1:20:59]} 7. a4 {[%clk 1:22:07]} Qe7
{[%clk 1:15:11]} 8. dxe5 {[%clk 1:14:57]} Nxe5 {[%clk 1:12:22]} 9. Qd4
{[%clk 1:00:21]} Nfd7 {[%clk 0:56:51]} 10. Rd1 {[%clk 0:58:11]} Nxf3+
{[%clk 0:52:51]} 11. gxf3 {[%clk 0:58:33]} Ne5 {[%clk 0:52:47]} 12. Be2
{[%clk 0:54:52]} f5 {[%clk 0:50:58]} 13. h4 {[%clk 0:48:18]} Be6 {[%clk 0:41:56]}
14. Kf1 {[%clk 0:34:21]} Rg8 {[%clk 0:30:06]} 15. a5 {[%clk 0:28:32]} Qc7
{[%clk 0:26:04]} 16. Qa4 {[%clk 0:26:09]} Kf7 {[%clk 0:23:26]} 17. a6
{[%clk 0:24:25]} b5 {[%clk 0:23:34]} 18. Qd4 {[%clk 0:24:19]} Be7
{[%clk 0:22:29]} 19. h5 {[%clk 0:13:55]} g5 {[%clk 0:22:35]} 20. exf5
{[%clk 0:13:48]} Bxf5 {[%clk 0:22:53]} 21. Ne4 {[%clk 0:13:53]} d5
{[%clk 0:20:13]} 22. Ng3 {[%clk 0:08:30]} Be6 {[%clk 0:18:51]} 23. f4
{[%clk 0:08:22]} Nc4 {[%clk 0:19:19]} 24. Bxc4 {[%clk 0:06:57]} bxc4
{[%clk 0:16:14]} 25. fxg5 {[%clk 0:06:29]} Bxg5 {[%clk 0:15:45]} 26. Bxg5
{[%clk 0:06:29]} Rxg5 {[%clk 0:16:12]} 27. Rh4 {[%clk 0:06:44]} Kg8
{[%clk 0:10:17]} 28. Re1 {[%clk 0:06:41]} Rf8 {[%clk 0:09:46]} 29. Kg2
{[%clk 0:04:28]} Bc8 {[%clk 0:08:44]} 30. Qc5 {[%clk 0:03:51]} h6
{[%clk 0:06:13]} 31. Re7 {[%clk 0:03:10]} Rxf2+ {[%clk 0:06:14]} 32. Kxf2
{[%clk 0:01:54]} Qxg3+ {[%clk 0:06:12]} 33. Ke2 {[%clk 0:02:01]} Bg4+
{[%clk 0:01:23]} 34. Rxg4 {[%clk 0:02:26]} Qxg4+ {[%clk 0:01:44]} 35. Kd2
{[%clk 0:01:45]} Qf4+ {[%clk 0:02:03]} 36. Qe3 {[%clk 0:01:13]} Rg2+
{[%clk 0:02:15]} 37. Kd1 {[%clk 0:00:38]} Qg4+ {[%clk 0:01:26]} 38. Ke1
{[%clk 0:00:48]} Qh4+ {[%clk 0:01:35]} 39. Kd1 {[%clk 0:00:36]} Qxh5+
{[%clk 0:01:44]} 40. Kc1 {[%clk 0:30:38]} Qh1+ {[%clk 0:32:10]} 0-1

[Event "World Chess Olympiad 2018"]
[Site "Batumi"]
[Date "2018.09.25"]
[Round "2"]
[Board "2"]
[WhiteFideId "1130420"]
[White "Piorun Kacper"]
[BlackFideId "7101554"]
[Black "Cuhendi Sean Winshand"]
[Result "1-0"]
[LiveChessVersion "1.4.8"]
[BlackElo "2441"]
[WhiteElo "2612"]

1. c4 {[%clk 1:30:54]} d6 {[%clk 1:29:36]} 2. Nc3 {[%clk 1:30:00]} e5
{[%clk 1:29:39]} 3. g3 {[%clk 1:30:13]} f5 {[%clk 1:27:45]} 4. d4
{[%clk 1:29:36]} exd4 {[%clk 1:24:10]} 5. Qxd4 {[%clk 1:29:59]} Nc6
{[%clk 1:24:38]} 6. Qe3+ {[%clk 1:25:56]} Be7 {[%clk 1:12:26]} 7. Nd5
{[%clk 1:23:54]} Ne5 {[%clk 1:10:43]} 8. Bg2 {[%clk 1:15:53]} c6 {[%clk 0:59:53]}
9. Nxe7 {[%clk 1:15:24]} Nxe7 {[%clk 0:57:24]} 10. Qc3 {[%clk 1:07:21]} O-O
{[%clk 0:54:55]} 11. Nh3 {[%clk 1:07:19]} Be6 {[%clk 0:51:33]} 12. b3
{[%clk 1:03:17]} N7g6 {[%clk 0:47:49]} 13. O-O {[%clk 0:53:58]} Qf6
{[%clk 0:33:00]} 14. Bg5 {[%clk 0:48:02]} Qf7 {[%clk 0:31:53]} 15. Rad1
{[%clk 0:48:24]} Qc7 {[%clk 0:26:21]} 16. Qd4 {[%clk 0:42:23]} Nf7
{[%clk 0:19:14]} 17. Bc1 {[%clk 0:41:38]} Qb6 {[%clk 0:19:35]} 18. Qc3
{[%clk 0:39:09]} Kh8 {[%clk 0:16:15]} 19. Bb2 {[%clk 0:36:44]} Rg8
{[%clk 0:16:42]} 20. e3 {[%clk 0:32:40]} Rae8 {[%clk 0:13:14]} 21. Rfe1
{[%clk 0:32:35]} Nge5 {[%clk 0:07:07]} 22. Nf4 {[%clk 0:25:37]} Qc7
{[%clk 0:04:18]} 23. Nxe6 {[%clk 0:21:53]} Rxe6 {[%clk 0:04:44]} 24. e4
{[%clk 0:22:17]} fxe4 {[%clk 0:04:15]} 25. Rxe4 {[%clk 0:22:16]} Ng5
{[%clk 0:03:53]} 26. Re3 {[%clk 0:22:21]} Rge8 {[%clk 0:02:01]} 27. h3
{[%clk 0:16:12]} Qf7 {[%clk 0:01:11]} 28. f4 {[%clk 0:15:37]} Ng6
{[%clk 0:00:38]} 29. Rxe6 {[%clk 0:15:40]} Nxe6 {[%clk 0:01:07]} 30. Rxd6
{[%clk 0:10:50]} Nexf4 {[%clk 0:01:25]} 31. gxf4 {[%clk 0:11:10]} Nxf4
{[%clk 0:01:54]} 32. Qf3 {[%clk 0:10:39]} h5 {[%clk 0:01:28]} 33. Rd2
{[%clk 0:08:00]} Re1+ {[%clk 0:01:16]} 34. Kh2 {[%clk 0:07:34]} Kh7
{[%clk 0:00:40]} 35. Qg3 {[%clk 0:06:40]} 1-0

[Event "World Chess Olympiad 2018"]
[Site "Batumi"]
[Date "2018.09.25"]
[Round "2"]
[Board "3"]
[WhiteFideId "7101589"]
[White "Setyaki Azarya Jodi"]
[BlackFideId "1124668"]
[Black "Tomczak Jacek"]
[Result "0-1"]
[LiveChessVersion "1.4.8"]
[BlackElo "2614"]
[WhiteElo "2316"]

1. e4 {[%clk 1:30:57]} c5 {[%clk 1:30:53]} 2. Nf3 {[%clk 1:31:23]} d6
{[%clk 1:31:15]} 3. d4 {[%clk 1:31:43]} cxd4 {[%clk 1:31:35]} 4. Nxd4
{[%clk 1:32:02]} Nf6 {[%clk 1:31:58]} 5. Nc3 {[%clk 1:32:18]} a6 {[%clk 1:32:22]}
6. f3 {[%clk 1:31:59]} e5 {[%clk 1:32:34]} 7. Nb3 {[%clk 1:32:21]} Be6
{[%clk 1:32:50]} 8. Be3 {[%clk 1:32:43]} h5 {[%clk 1:32:33]} 9. Nd5
{[%clk 1:31:07]} Bxd5 {[%clk 1:32:43]} 10. exd5 {[%clk 1:31:33]} Nbd7
{[%clk 1:32:37]} 11. Qd2 {[%clk 1:26:29]} g6 {[%clk 1:32:32]} 12. Be2
{[%clk 1:25:12]} Bg7 {[%clk 1:32:46]} 13. c4 {[%clk 1:25:09]} b6 {[%clk 1:19:19]}
14. O-O {[%clk 1:10:16]} O-O {[%clk 1:16:55]} 15. h3 {[%clk 1:02:58]} Re8
{[%clk 1:12:26]} 16. Rac1 {[%clk 1:01:08]} Rc8 {[%clk 1:05:24]} 17. Na1
{[%clk 0:55:30]} h4 {[%clk 0:59:41]} 18. Bg5 {[%clk 0:38:37]} e4 {[%clk 0:59:54]}
19. f4 {[%clk 0:30:08]} b5 {[%clk 0:59:40]} 20. f5 {[%clk 0:24:13]} bxc4
{[%clk 0:48:18]} 21. fxg6 {[%clk 0:22:17]} fxg6 {[%clk 0:46:52]} 22. Bg4
{[%clk 0:21:50]} Qb6+ {[%clk 0:45:29]} 23. Be3 {[%clk 0:06:45]} Bh6
{[%clk 0:43:45]} 24. Nc2 {[%clk 0:06:48]} Nxg4 {[%clk 0:37:27]} 25. hxg4
{[%clk 0:07:15]} Ne5 {[%clk 0:37:36]} 26. Kh1 {[%clk 0:05:55]} Bxe3
{[%clk 0:36:28]} 27. Qxe3 {[%clk 0:05:21]} Qxe3 {[%clk 0:32:48]} 28. Nxe3
{[%clk 0:05:49]} Kg7 {[%clk 0:33:14]} 29. Kh2 {[%clk 0:04:28]} Kh6
{[%clk 0:30:57]} 30. Rf6 {[%clk 0:03:20]} Rcd8 {[%clk 0:30:03]} 31. Rcf1
{[%clk 0:02:58]} Kg5 {[%clk 0:29:32]} 32. Kh3 {[%clk 0:03:08]} Re7
{[%clk 0:27:50]} 33. R6f2 {[%clk 0:01:32]} Rb7 {[%clk 0:25:10]} 34. Rc2
{[%clk 0:00:35]} Rb4 {[%clk 0:25:31]} 35. Rfc1 {[%clk 0:00:34]} Rf8
{[%clk 0:21:06]} 36. Nxc4 {[%clk 0:00:38]} Nd3 {[%clk 0:21:29]} 37. Rb1
{[%clk 0:00:31]} Rf2 {[%clk 0:21:19]} 38. Ne3 {[%clk 0:00:31]} Rxc2
{[%clk 0:21:21]} 39. Nxc2 {[%clk 0:01:00]} Nf2+ {[%clk 0:21:38]} 40. Kh2
{[%clk 0:31:26]} Nxg4+ {[%clk 0:52:04]} 41. Kg1 {[%clk 0:22:57]} Rc4
{[%clk 0:52:01]} 42. Na3 {[%clk 0:23:12]} Rd4 {[%clk 0:49:03]} 43. b4
{[%clk 0:23:11]} e3 {[%clk 0:46:04]} 0-1

[Event "World Chess Olympiad 2018"]
[Site "Batumi"]
[Date "2018.09.25"]
[Round "2"]
[Board "4"]
[WhiteFideId "1134167"]
[White "Dragun Kamil"]
[BlackFideId "7103255"]
[Black "Andyka Pitra"]
[Result "1-0"]
[LiveChessVersion "1.4.8"]
[BlackElo "2274"]
[WhiteElo "2568"]

1. e4 {[%clk 1:30:53]} c5 {[%clk 1:30:37]} 2. Nf3 {[%clk 1:31:14]} e6
{[%clk 1:30:22]} 3. d4 {[%clk 1:31:37]} cxd4 {[%clk 1:30:49]} 4. Nxd4
{[%clk 1:32:04]} a6 {[%clk 1:29:58]} 5. c4 {[%clk 1:32:25]} Nf6 {[%clk 1:29:46]}
6. Nc3 {[%clk 1:32:44]} d6 {[%clk 1:23:44]} 7. Be2 {[%clk 1:32:37]} Nbd7
{[%clk 1:23:05]} 8. O-O {[%clk 1:32:20]} b6 {[%clk 1:22:38]} 9. Be3
{[%clk 1:23:54]} Bb7 {[%clk 1:22:50]} 10. f3 {[%clk 1:24:05]} Be7
{[%clk 1:22:56]} 11. Qd2 {[%clk 1:24:22]} O-O {[%clk 1:22:53]} 12. Rfc1
{[%clk 1:24:47]} Qb8 {[%clk 1:20:52]} 13. a4 {[%clk 1:14:13]} Bd8
{[%clk 1:09:54]} 14. Bf2 {[%clk 1:08:28]} Bc7 {[%clk 1:09:26]} 15. g3
{[%clk 1:07:54]} Re8 {[%clk 1:08:33]} 16. b4 {[%clk 1:00:41]} Ne5
{[%clk 1:02:43]} 17. Rab1 {[%clk 0:53:58]} Qd8 {[%clk 0:53:24]} 18. Qd1
{[%clk 0:46:05]} h5 {[%clk 0:49:00]} 19. c5 {[%clk 0:39:33]} Rb8 {[%clk 0:31:10]}
20. c6 {[%clk 0:36:53]} Nxc6 {[%clk 0:30:27]} 21. Nxc6 {[%clk 0:37:16]} Bxc6
{[%clk 0:30:52]} 22. Bxa6 {[%clk 0:37:29]} Ba8 {[%clk 0:19:29]} 23. Nb5
{[%clk 0:35:48]} Re7 {[%clk 0:19:44]} 24. Rc3 {[%clk 0:32:10]} Bb7
{[%clk 0:12:40]} 25. Nxc7 {[%clk 0:30:38]} Rxc7 {[%clk 0:04:54]} 26. Bxb6
{[%clk 0:30:36]} Rxc3 {[%clk 0:04:57]} 27. Bxd8 {[%clk 0:30:59]} Bxa6
{[%clk 0:05:15]} 28. Bxf6 {[%clk 0:30:00]} gxf6 {[%clk 0:05:42]} 29. Qxd6
{[%clk 0:29:23]} Ra8 {[%clk 0:06:00]} 30. b5 {[%clk 0:29:22]} Bc8
{[%clk 0:05:01]} 31. a5 {[%clk 0:26:47]} Rxf3 {[%clk 0:03:58]} 32. Qc6
{[%clk 0:26:51]} Rxa5 {[%clk 0:02:34]} 33. Qxc8+ {[%clk 0:27:02]} Kg7
{[%clk 0:03:04]} 34. Qc2 {[%clk 0:26:50]} 1-0

[Event "World Chess Olympiad 2018"]
[Site "Batumi"]
[Date "2018.09.25"]
[Round "2"]
[Board "4"]
[WhiteFideId "13001248"]
[White "Khin Than"]
[BlackFideId "4657101"]
[Black "Svane Rasmus"]
[Result "0-1"]
[LiveChessVersion "1.4.8"]
[BlackElo "2595"]
[WhiteElo "2200"]

1. d4 {[%clk 1:30:55]} Nf6 {[%clk 1:30:52]} 2. Nf3 {[%clk 1:31:23]} d5
{[%clk 1:30:56]} 3. e3 {[%clk 1:31:45]} c5 {[%clk 1:31:08]} 4. b3
{[%clk 1:32:00]} cxd4 {[%clk 1:28:48]} 5. exd4 {[%clk 1:32:24]} Nc6
{[%clk 1:29:04]} 6. Bd3 {[%clk 1:28:45]} Bg4 {[%clk 1:28:51]} 7. Bb2
{[%clk 1:27:47]} e6 {[%clk 1:28:41]} 8. O-O {[%clk 1:28:02]} Bd6 {[%clk 1:28:33]}
9. h3 {[%clk 1:22:43]} Bh5 {[%clk 1:26:40]} 10. Nbd2 {[%clk 1:22:27]} O-O
{[%clk 1:26:47]} 11. c4 {[%clk 1:20:20]} Qc7 {[%clk 1:13:21]} 12. a3
{[%clk 1:16:27]} Rfd8 {[%clk 1:03:04]} 13. Qc2 {[%clk 1:13:52]} Bf4
{[%clk 1:01:38]} 14. c5 {[%clk 1:10:32]} b6 {[%clk 0:41:26]} 15. b4
{[%clk 1:04:57]} bxc5 {[%clk 0:41:47]} 16. Qxc5 {[%clk 1:03:08]} Qb7
{[%clk 0:31:31]} 17. g3 {[%clk 1:00:36]} Bh6 {[%clk 0:15:24]} 18. Qb5
{[%clk 0:58:02]} Qd7 {[%clk 0:14:43]} 19. g4 {[%clk 0:57:21]} Bxd2
{[%clk 0:11:17]} 20. Nxd2 {[%clk 0:55:42]} Bg6 {[%clk 0:11:45]} 21. Bxg6
{[%clk 0:54:16]} hxg6 {[%clk 0:12:13]} 22. Qd3 {[%clk 0:54:25]} Ne7
{[%clk 0:08:45]} 23. Rac1 {[%clk 0:47:06]} Nc8 {[%clk 0:08:13]} 24. Nf3
{[%clk 0:45:35]} Qb7 {[%clk 0:06:49]} 25. Ne5 {[%clk 0:44:52]} Nb6
{[%clk 0:06:47]} 26. Qb5 {[%clk 0:43:25]} Ne8 {[%clk 0:04:51]} 27. Nc6
{[%clk 0:30:37]} Rdc8 {[%clk 0:04:05]} 28. Na5 {[%clk 0:30:20]} Nd6
{[%clk 0:03:19]} 29. Qd3 {[%clk 0:24:50]} Qd7 {[%clk 0:03:40]} 30. Rc5
{[%clk 0:22:40]} Ndc4 {[%clk 0:02:33]} 31. Bc1 {[%clk 0:19:59]} Nxa5
{[%clk 0:02:27]} 32. Rxa5 {[%clk 0:20:17]} Rc4 {[%clk 0:02:40]} 33. Be3
{[%clk 0:17:59]} Rac8 {[%clk 0:02:53]} 34. Qb1 {[%clk 0:18:01]} Na4
{[%clk 0:01:22]} 35. Rc1 {[%clk 0:18:04]} Nc3 {[%clk 0:00:54]} 36. Qd3
{[%clk 0:18:32]} Nb5 {[%clk 0:01:10]} 37. Kg2 {[%clk 0:18:34]} Qb7
{[%clk 0:01:13]} 38. Rb1 {[%clk 0:18:35]} Nd6 {[%clk 0:01:12]} 39. Rc5
{[%clk 0:18:43]} Ne4 {[%clk 0:01:19]} 40. Ra5 {[%clk 0:45:37]} Rc2
{[%clk 0:30:49]} 41. Rc5 {[%clk 0:44:16]} Rc3 {[%clk 0:23:55]} 42. Qb5
{[%clk 0:44:16]} Nxc5 {[%clk 0:22:21]} 43. bxc5 {[%clk 0:43:00]} Qxb5
{[%clk 0:22:45]} 44. Rxb5 {[%clk 0:43:21]} Rxa3 {[%clk 0:23:11]} 45. Rb7
{[%clk 0:40:11]} Ra4 {[%clk 0:20:20]} 46. Rd7 {[%clk 0:37:02]} Kf8
{[%clk 0:19:44]} 47. Bf4 {[%clk 0:36:52]} Rxd4 {[%clk 0:18:54]} 48. Bd6+
{[%clk 0:37:01]} Kg8 {[%clk 0:19:18]} 49. Rxa7 {[%clk 0:36:58]} Rc4
{[%clk 0:19:03]} 50. Ra5 {[%clk 0:37:10]} e5 {[%clk 0:17:39]} 51. Kf3
{[%clk 0:34:29]} e4+ {[%clk 0:17:52]} 52. Ke3 {[%clk 0:29:32]} Re8
{[%clk 0:18:12]} 53. Kd2 {[%clk 0:28:47]} d4 {[%clk 0:18:14]} 54. Ra3
{[%clk 0:28:08]} g5 {[%clk 0:18:09]} 55. Ra6 {[%clk 0:26:10]} e3+
{[%clk 0:18:09]} 56. fxe3 {[%clk 0:26:24]} dxe3+ {[%clk 0:18:20]} 57. Kd3
{[%clk 0:26:47]} e2 {[%clk 0:15:26]} 58. Ra1 {[%clk 0:27:15]} Ree4
{[%clk 0:15:26]} 59. Kd2 {[%clk 0:25:32]} Ra4 {[%clk 0:14:35]} 60. Re1
{[%clk 0:25:33]} f6 {[%clk 0:12:25]} 61. Bh2 {[%clk 0:23:25]} Rad4+
{[%clk 0:10:39]} 62. Kc2 {[%clk 0:23:04]} Rd1 {[%clk 0:10:34]} 63. Rxd1
{[%clk 0:22:43]} Rc4+ {[%clk 0:10:56]} 64. Kd2 {[%clk 0:22:46]} exd1=Q+
{[%clk 0:11:18]} 0-1